| 000 | 00497nam a2200157 a 4500 | ||
|---|---|---|---|
| 001 | 000035691 | ||
| 005 | 20200930074532.0 | ||
| 008 | 111108s2011 dr a 000 0 spa d | ||
| 020 | _a9789945004397 | ||
| 040 |
_aDO-SdBNP _bspa _cBNPHU |
||
| 100 | 1 |
_aHeinsen, Margarita _961619 |
|
| 245 | 1 | 0 |
_aAutoestima en la edad temprana : _borientaciones para padre y educadores / _cMargarita Heinsen. |
| 260 |
_aSanto Domingo : _bDidactica, _c2011. |
||
| 300 |
_a87 p. : _bil., retrs. ; _c21 cm. |
||
| 049 | _aBNPD | ||
| 999 |
_c35182 _d35182 |
||